000 00607nam a22002177a 4500
003 OSt
005 20251014145657.0
008 251014b |||||||| |||| 00| 0 eng d
020 _a9780136068549
020 _a9781003047087
040 _cDDC
082 _a620 CAR 2020
100 _4Elliott, J.; Lira, Carl; Ravi, R.
245 _aIntroductory Chemical Engineering Thermodyanamics
260 _aOxon;
_bCRC Press, 2020
300 _axvii,359p.; ill: 25cm
504 _aReferences, & index included
650 _aChemical engineering
_94962
650 _aThermodyanamics
_919477
942 _2z
_cO_SHELF
999 _c9572
_d9572